Top 30 Länder nach Einwohner (absteigende Reihenfolge) - Statistiken

Allgemein
  • Dieses Quiz wurde 21 mal gespielt
  • Das Durchschnittsergebnis liegt bei 12 aus 30
Antwortstatistiken
Anzahl Einwohner (2022) Länder % Korrekt
1'436'600'000 China
100%
1'417'200'000 Indien
100%
332'800'000 Vereinigte Staaten
88%
275'500'000 Indonesien
81%
235'800'000 Pakistan
75%
171'200'000 Bangladesch
63%
214'800'000 Brasilien
63%
218'500'000 Nigeria
63%
144'300'000 Russland
63%
127'500'000 Mexiko
50%
83'300'000 Deutschland
44%
65'800'000 Frankreich
44%
124'900'000 Japan
31%
103'500'000 Ägypten
25%
123'400'000 Äthiopien
25%
99'000'000 Demokratische Republik Kongo
25%
67'600'000 Grossbritannien
25%
88'600'000 Iran
25%
115'600'000 Philippinen
25%
47'400'000 Spanien
25%
66'800'000 Thailand
25%
85'200'000 Türkei
25%
58'900'000 Italien
19%
49'100'000 Kolumbien
19%
99'400'000 Vietnam
19%
54'200'000 Myanmar
13%
60'600'000 Südafrika
13%
54'000'000 Kenia
6%
51'600'000 Südkorea
6%
65'500'000 Tansania
6%
Keine übereinstimmenden Quizze gefunden
Verteilung der Resultate
Anzahl Personen mit jedem Resultat
Perzentil nach korrekt beantworteten Fragen
Ihre Resultats-Entwicklung
Sie haben dieses Quiz noch nicht gespielt